000 00638nam a2200205Ia 4500
005 20250508152859.0
008 008 250505s9999 xx 000 0 eng d
037 _aTextual
040 _aFEDL
_beng
_cFEDL
041 _aeng
_2eng
084 _a915.2, TSU
_qFEDL
100 _aTsunoda Ryusaku Co.
_9762637
245 0 _aSources of Japanese traditions
260 _aNew York, USA
_bColumbia Univeristy Press
_c1958
300 _axxvi,928p.
490 _aIntroduction to oriental civilizations
700 _a Bary Wm. Theodore de Co. Keene Donald Co.
_9762638
942 _cTEXL
_h915.2, TSU
999 _c1339377
_d1339377